[Event "St Petersburg-ch (Women)"]
[Site "St Petersburg"]
[Date "2019.03.19"]
[Round "9"]
[White "Bogdanova, Natalya"]
[Black "Pankova, Julia"]
[Result "1/2-1/2"]
[WhiteElo "1666"]
[BlackElo "1906"]
[PlyCount "119"]
[EventDate "2019.03.11"]
[EventType "swiss"]
[EventRounds "9"]
[EventCountry "RUS"]
[SourceTitle "CBM 189 Extra"]
[Source "ChessBase"]
[SourceDate "2019.06.03"]
[SourceVersion "1"]
[SourceVersionDate "2019.06.03"]
[SourceQuality "1"]

1. Nf3 c5 2. g3 Nc6 3. Bg2 e5 4. d3 g6 5. 0-0 Bg7 6. e4 Nge7 7. Bg5 0-0 8. Nc3 h6 9. Be3 d6 10. Nd2 Be6 11. Ne2 Qd7 12. c3 Kh7 13. f4 f5 14. Nf3 Rac8 15. Bf2 Na5 16. Qd2 c4 17. Rfd1 cxd3 18. Qxd3 Nc4 19. Nxe5 Nxe5 20. fxe5 Bxe5 21. Bxa7 Bc4 22. Qc2 Qb5 23. Nf4 b6 24. Qf2 g5 25. Nh3 Ng6 26. exf5 Ne7 27. Bxb6 Rb8 28. Ba7 Rbd8 29. Be4 d5 30. Bc2 Bf6 31. b3 Be2 32. Re1 Bd3 33. Re6 Nc6 34. Bxd3 Qxd3 35. Rxc6 Bxc3 36. Rf1 d4 37. Rc7+ Kg8 38. Rc4 Bd2 39. Rxd4 Rxd4 40. Bxd4 Rd8 41. Bb6 Rd6 42. Rd1 Qc2 43. Re1 Qc6 44. Re2 Bb4 45. Qe3 Qxb6 46. Qxb6 Rxb6 47. Rb2 Bc3 48. Rb1 Rb4 49. Nf2 Kf7 50. h3 h5 51. Kg2 g4 52. Nd3 Rd4 53. Nf4 Rd2+ 54. Kh1 Kf6 55. hxg4 hxg4 56. b4 Kxf5 57. b5 Ke4 58. b6 Kf3 59. Nh5 Rd5 60. Nf4 1/2-1/2

[Event "St Petersburg-ch (Women)"]
[Site "St Petersburg"]
[Date "2019.03.18"]
[Round "8"]
[White "Reger, Valeriia"]
[Black "Bogdanova, Natalya"]
[Result "0-1"]
[WhiteElo "1748"]
[BlackElo "1666"]
[PlyCount "56"]
[EventDate "2019.03.11"]
[EventType "swiss"]
[EventRounds "9"]
[EventCountry "RUS"]
[SourceTitle "CBM 189 Extra"]
[Source "ChessBase"]
[SourceDate "2019.06.03"]
[SourceVersion "1"]
[SourceVersionDate "2019.06.03"]
[SourceQuality "1"]

1. d4 Nf6 2. Nf3 g6 3. g3 Bg7 4. Bg2 0-0 5. 0-0 d6 6. c4 c5 7. Nc3 cxd4 8. Nxd4 Qb6 9. Na4 Qc7 10. Qd3 Bd7 11. Nc3 Nc6 12. Nxc6 Bxc6 13. Nd5 Nxd5 14. cxd5 Bd7 15. Qb3 a5 16. a4 Rfb8 17. Bf4 b5 18. Rac1 Qd8 19. Rc6 bxa4 20. Qxa4 Rxb2 21. e4 Rb4 22. Qa2 a4 23. Rc2 Bb5 24. Re1 a3 25. Bc1 Bd3 26. Bd2 Rb2 27. Rxb2 axb2 28. Qb3 b1Q 0-1

[Event "St Petersburg-ch (Women)"]
[Site "St Petersburg"]
[Date "2019.03.17"]
[Round "7"]
[White "Shkalikova, Marina"]
[Black "Bogdanova, Natalya"]
[Result "0-1"]
[WhiteElo "1867"]
[BlackElo "1666"]
[PlyCount "48"]
[EventDate "2019.03.11"]
[EventType "swiss"]
[EventRounds "9"]
[EventCountry "RUS"]
[SourceTitle "CBM 189 Extra"]
[Source "ChessBase"]
[SourceDate "2019.06.03"]
[SourceVersion "1"]
[SourceVersionDate "2019.06.03"]
[SourceQuality "1"]

1. c4 Nf6 2. g3 g6 3. Bg2 Bg7 4. Nc3 0-0 5. e4 d6 6. Nge2 c5 7. d4 cxd4 8. Nxd4 Nbd7 9. 0-0 a5 10. Be3 Ne5 11. b3 Neg4 12. Bc1 Bd7 13. Bb2 Qb6 14. Nd5 Nxd5 15. exd5 Ne5 16. h3 Nxc4 17. Bc3 Na3 18. Re1 e6 19. dxe6 fxe6 20. Qd2 e5 21. Bd5+ Kh8 22. Nf3 Nb5 23. Bb2 Nc7 24. Bc4 Rxf3 0-1

[Event "St Petersburg-ch (Women)"]
[Site "St Petersburg"]
[Date "2019.03.16"]
[Round "6"]
[White "Bogdanova, Natalya"]
[Black "Protasova, Anastasia"]
[Result "0-1"]
[WhiteElo "1666"]
[BlackElo "1820"]
[PlyCount "108"]
[EventDate "2019.03.11"]
[EventType "swiss"]
[EventRounds "9"]
[EventCountry "RUS"]
[SourceTitle "CBM 189 Extra"]
[Source "ChessBase"]
[SourceDate "2019.06.03"]
[SourceVersion "1"]
[SourceVersionDate "2019.06.03"]
[SourceQuality "1"]

1. Nf3 Nf6 2. g3 e6 3. Bg2 Be7 4. 0-0 0-0 5. c4 d5 6. d4 dxc4 7. Qc2 a6 8. a4 Bd7 9. Nbd2 Bc6 10. Nxc4 Be4 11. Qd1 Nc6 12. Ncd2 Bd5 13. Re1 Ne4 14. Nxe4 Bxe4 15. Bf4 Nb4 16. Rc1 Nd5 17. Bd2 c6 18. e3 Nb4 19. Bxb4 Bxb4 20. Rf1 Qd5 21. Nh4 Bxg2 22. Nxg2 Rfd8 23. Nf4 Qa5 24. Qb3 Rab8 25. Nd3 Be7 26. Nc5 b6 27. Nd3 c5 28. Ne5 Rdc8 29. Nd7 Rb7 30. Nxc5 Bxc5 31. dxc5 Rxc5 32. Rxc5 Qxc5 33. Rd1 Rb8 34. Qd3 b5 35. Qd6 Qc8 36. b3 h6 37. Qd3 Qc6 38. Qd6 Qb7 39. Qe5 Rc8 40. Qd4 Qc6 41. Qd6 Qc2 42. axb5 axb5 43. b4 Rc4 44. Rd4 Qe2 45. Kg2 Rc1 46. Qf4 Qf1+ 47. Kf3 Qh1+ 48. Ke2 Re1+ 49. Kd2 Qf1 50. Qf3 Rc1 51. h4 Qe1+ 52. Kd3 Qc3+ 53. Ke4 Qc6+ 54. Kf4 e5+ 0-1

[Event "St Petersburg-ch (Women)"]
[Site "St Petersburg"]
[Date "2019.03.11"]
[Round "1"]
[White "Bogdanova, Natalya"]
[Black "Tskhadadze, Anna"]
[Result "0-1"]
[WhiteElo "1666"]
[BlackElo "1952"]
[PlyCount "58"]
[EventDate "2019.03.11"]
[EventType "swiss"]
[EventRounds "9"]
[EventCountry "RUS"]
[SourceTitle "CBM 189 Extra"]
[Source "ChessBase"]
[SourceDate "2019.06.03"]
[SourceVersion "1"]
[SourceVersionDate "2019.06.03"]
[SourceQuality "1"]

1. Nf3 d5 2. g3 e6 3. Bg2 Nf6 4. 0-0 Be7 5. d3 c5 6. Nbd2 d4 7. Nc4 Nc6 8. e3 0-0 9. Nfe5 Nxe5 10. Nxe5 Bd6 11. f4 Qc7 12. Nf3 dxe3 13. Bxe3 Rb8 14. Nh4 Re8 15. Kh1 b6 16. Bd2 Bb7 17. Qe2 e5 18. f5 e4 19. Bg5 exd3 20. Qxd3 c4 21. Qc3 Ne4 22. Bxe4 Bxe4+ 23. Ng2 Be5 24. Bf4 Qc6 25. Qd2 Rbd8 26. Qe2 Bxb2 27. Rae1 Bd3 28. Qf3 Rxe1 29. Nxe1 Be4 0-1